01802nam a22002537a 450000500170000000800410001702000180005804000070007604100120008308200200009510000180011524500490013325000070018226000610018930000280025036500570027852010290033565000300136465000290139465000370142365000270146065000260148765000350151320260325115001.0260324b |||||||| |||| 00| 0 eng d a9789390709922 cAL aEnglish a621.31042bKANS aA Nagoor Kani aSimplified text in electrical machine design a3. aNew DelhibCBS Publishers and Distributors Pvt Ltdc2022 axix,664p.bPBc24x17cm. aVBI-2645b₹412.50c₹d₹550.00e25%f20-02-2026 aThis book is designed for universities that deal with design of electrical machines as a main or elective course in EEE branch of BE/BTech program. An easy-to-understand text with crisp but complete explanation of topics will enable the students to understand the basic concepts easily. The fundamental concepts of design of various parts of electrical machine are presented in an easy and elaborative manner. Step-by-step explanations of design equations are presented with clear explanations. Throughout the book, carefully chosen examples are presented so that the reader will have a clear understanding of the concepts discussed. Solutions of university questions will enable students to score better in examinations. Clear explanation of concepts with appropriate diagrams. Step-by-step presentation of design equations and solved problems. Every design concept is supported by clear numerical example. Computer programs to correlate the concept discussed Practice problems, review question, MCQs for self-evaluation.  aElectrical Machine Design afor BE/BTech EEE Course  aElectrical Engineering Materials aDesign of Transformers aDesign of DC Machines aDesign of Synchronous Machines